| 000 | 00798nam a2200229Ia 4500 | ||
|---|---|---|---|
| 001 | 22094 | ||
| 005 | 20260416130933.0 | ||
| 008 | 260320s9999||||xx |||||||||||||| ||und|| | ||
| 022 | _a19945272 | ||
| 041 | _aESP | ||
| 082 |
_aHR 324.6 JUL-DIC 2025 _bRE |
||
| 110 | _aOficina Nacional de Procesos Electorales (ONPE) | ||
| 245 | 0 | _aRevista Elecciones | |
| 260 |
_aLima : _bOficina Nacional de Procesos Electorales (ONPE), _c2025 |
||
| 300 |
_a240 páginas : _bgráficos, tablas ; _c24 cm. |
||
| 505 | _aVolumen 24; Número 30 | ||
| 650 | _aCIS | ||
| 653 | _aCiencia política - Perú; Procedimientos electorales; Sufragio - Perú | ||
| 654 | _aDER | ||
| 856 |
_uhttps://0u214rx4c-y-https-app-vlex-com.itmsp.museknowledge.com/ _zVéase además: Base de datos Vlex |
||
| 942 |
_cREV _dJUS _fTRC _2ddc |
||
| 999 |
_c22094 _d22094 |
||